Ewige Tabelle der J-League - Statistiken

Allgemein
  • Dieses Quiz wurde 41 mal gespielt
  • Das Durchschnittsergebnis liegt bei 12 aus 31
Antwortstatistiken
Pl. Team % Korrekt
11 FC Tokyo
86%
29 Yokohama FC
74%
8 Sanfrecce Hiroshima
71%
13 Vissel Kobe
71%
24 Hokkaido Consadole Sapporo
60%
10 Kawasaki Frontale
60%
22 Kyoto Sanga
60%
3 Urawa Red Diamonds
60%
5 Nagoya Grampus
57%
4 Gamba Osaka
49%
26 Avispa Fukuoka
46%
12 Cerezo Osaka
40%
1 Kashima Antlers
37%
6 Shimizu S-Pulse
34%
17 Vegalta Sendai
31%
2 Yokohama F. Marinos
31%
16 Albirex Niigata
29%
9 Kashiwa Reysol
29%
14 JEF United Chiba
26%
18 Shonan Bellmare
26%
15 Tokyo Verdy
26%
7 Júbilo Iwata
23%
20 Sagan Tosu
23%
21 Oita Trinita
17%
19 Omiya Ardija
17%
25 Ventforet Kofu
17%
27 Montedio Yamagata
14%
31 Tokushima Vortis
14%
28 Matsumoto Yamaga
11%
30 V-Varen Nagasaki
11%
23 Yokohama Flügels
11%
Keine übereinstimmenden Quizze gefunden
Verteilung der Resultate
Anzahl Personen mit jedem Resultat
Perzentil nach korrekt beantworteten Fragen
Ihre Resultats-Entwicklung
Sie haben dieses Quiz noch nicht gespielt